Quiz da Dinamarca - Statistics

Estatísticas Gerais
  • Esse quiz foi jogado 1 568 vezes
  • A pontuação média é 8 de 21
Estatísticas das Respostas
Dica Resposta % Correto
Capital Copenhaga
92%
Maior ilha do mundo Groelândia
83%
Único país fronteiriço Alemanha
82%
Mares fazendo fronteira com a Dinamarca Mar do {Norte}
64%
Estátua no porto da capital A Pequena {Sereia}
57%
Moeda oficial Coroa
51%
Mares fazendo fronteira com a Dinamarca Mar {Báltico}
45%
Tijolos de plástico coloridos Lego
40%
Grupo de ilhas no Norte Atlântico Ilhas Feroe
35%
Explorador e homônimo de um estreito Vitus Bering
28%
'Dinamarca' em dinamarquês Danmark
27%
Península principal Jutlândia
25%
Famoso escritor de contos de fadas Hans Christian Andersen
24%
Grande ramo cristão Luteranismo
22%
Monarca atual Margarida II
19%
Segunda maior cidade Aarhus
18%
Ilha mais populosa Zelândia
17%
Marca de cerveja popular Carlsberg
16%
Filósofo existencial Sören Kierkegaard
16%
Bairro "autónomo" da capital Christiania
13%
Parque aberto em 1843 Jardins de {Tivoli}
13%
Nenhum quiz correspondente encontrado
Distribuição das Pontuações
Porcentagem de Pessoas com Cada Pontuação
Percentil de Números Respondidos
Sua Pontuação Histórica
Você não jogou esse quiz